Normal view
MARC view
Entry Topical Term
001 - CONTROL NUMBER
- control field: 19161
003 - CONTROL NUMBER IDENTIFIER
- control field: OSt
005 - DATE AND TIME OF LATEST TRANSACTION
- control field: 20201106152822.0
008 - FIXED-LENGTH DATA ELEMENTS
- fixed length control field: 201106|| aca||aabn | a|a d
040 ## - CATALOGING SOURCE
- Original cataloging agency: OSt
- Transcribing agency: OSt
150 ## - HEADING--TOPICAL TERM
- Topical term or geographic name entry element: Central consumer protection authority, Consumer protection act 2019, consumer protection councils, etc,
670 ## - SOURCE DATA FOUND
- Source citation: Work cat.: (OSt): Singh, Vagish K. and Singh Ashish K 19160, Central consumer protection authority- A critical analysis
